00526nam a2200193Ia 450000500170000000800410001702000180005804100120007608200130008810000230010124500490012425000120017326000340018530000220021965000230024165000200026465000250028470000230030920260429112303.0260429s9999||||xx |||||||||||||| ||und|| a9783111165189 aEnglish a543bNIE aNießner, Reinhard 0aOrganic trace analysis / cReinhard Nießner a2nd ed. aBerlin : bDe Gruyter,c2024. axiii, 457 p.; pbk a Organic compounds a Trace analysis aAnalytical chemistry a Schäffer, Andre